| 000 | 00653nam a22001817a 4500 | ||
|---|---|---|---|
| 003 | BD-DhUL | ||
| 005 | 20180307110745.0 | ||
| 008 | 161030s1940 ii |||| |||| 000 0 ben d | ||
| 040 |
_cBD-DhUL _dBD-DhUL |
||
| 082 |
_a891.443 _bJYS |
||
| 100 | 1 | _aদেবী, জোতির্মালা। | |
| 245 | 0 | 0 |
_aসন্ধানে / _cজোতির্মালা দেবী। |
| 260 |
_aকলিকাতা : _bকালচার পাবলিশার্স, _c১৯৪০। |
||
| 300 |
_a৩৯০ পৃ. ; _c১৯ সেমি. |
||
| 650 | 4 | _aবাংলা উপন্যাস | |
| 650 | 4 | _aBengali fiction | |
| 942 |
_2ddc _cBK |
||
| 999 |
_c238985 _d238985 |
||